BASIC DENTAL MATERIALS (Record no. 4674)

MARC details
000 -LEADER
fixed length control field 00364nam a2200145Ia 4500
008 - FIXED-LENGTH DATA ELEMENTS--GENERAL INFORMATION
fixed length control field 150201s2010 xx 000 0 und d
082 ## - DEWEY DECIMAL CLASSIFICATION NUMBER
Classification number 617.695
Item number B2010M
100 ## - MAIN ENTRY--PERSONAL NAME
Personal name MANAPALLIL,J.J
245 ## - TITLE STATEMENT
Title BASIC DENTAL MATERIALS
250 ## - EDITION STATEMENT
Edition statement 3RD
260 ## - PUBLICATION, DISTRIBUTION, ETC. (IMPRINT)
Name of publisher, distributor, etc. JAYPEE MEDICAL PUBLISHER
Place of publication, distribution, etc. DELHI
Date of publication, distribution, etc. 2010
300 ## - PHYSICAL DESCRIPTION
Extent 1-441
650 ## - SUBJECT ADDED ENTRY--TOPICAL TERM
Topical term or geographic name as entry element DENTAL MATERIAL
942 ## - ADDED ENTRY ELEMENTS (KOHA)
Source of classification or shelving scheme Dewey Decimal Classification
Koha item type Books
Koha issues (borrowed), all copies 71
Holdings
Withdrawn status Lost status Source of classification or shelving scheme Damaged status Not for loan Home library Current library Date acquired Source of acquisition Cost, normal purchase price Serial Enumeration / chronology SGTU Bill Number Total Checkouts Total Renewals Full call number Barcode Date last seen Date last checked out Bill Date Koha item type
    Dewey Decimal Classification     SGT Dental Library SGT Dental Library 05/11/2011 U.B.S.DELHI 495.00 1 SGTU 6811 59 2 617.695 B2010M FD6501 20/04/2026 04/04/2026 07/06/2013 Books
    Dewey Decimal Classification     SGT Dental Library SGT Dental Library 05/11/2011 U.B.S.DELHI 495.00 1 SGTU 6811 43   617.695 B2010M FD6502 07/04/2026 07/04/2026 07/06/2013 Books
    Dewey Decimal Classification     SGT Dental Library SGT Dental Library 05/11/2011 U.B.S.DELHI 495.00 1 SGTU 6811 37   617.695 B2010M FD6503 13/01/2026 13/01/2026 07/06/2013 Books
    Dewey Decimal Classification     SGT Dental Library SGT Dental Library 05/11/2011 U.B.S.DELHI 495.00 1 SGTU 6811 37   617.695 B2010M FD6504 13/01/2026 13/01/2026 07/06/2013 Books